| 000 | 00327nam a22001337a 4500 | ||
|---|---|---|---|
| 020 | _qPB. | ||
| 040 | _cFIZZA ISHAQ | ||
| 082 |
_a624.183 _bRCH |
||
| 100 |
_aCHUDLEY R. _924710 |
||
| 245 |
_aCONSTRUCTION TECHNOLOGY STRUCTURES / _cR.CHUDLEY. |
||
| 260 |
_aNEW DELHI ; _bPEARSON, _c2015. |
||
| 300 | _a547 P. ; | ||
| 942 |
_2ddc _cBK |
||
| 999 |
_c589434 _d589434 |
||